Fundamental of data structure in C (Record no. 7763)
[ view plain ]
| 000 -LEADER | |
|---|---|
| fixed length control field | 00336nam a2200133Ia 4500 |
| 008 - FIXED-LENGTH DATA ELEMENTS--GENERAL INFORMATION | |
| fixed length control field | 191201s2011 xx 000 0 und d |
| 082 ## - DEWEY DECIMAL CLASSIFICATION NUMBER | |
| Classification number | 005.133 |
| Item number | HOF |
| 100 ## - MAIN ENTRY--PERSONAL NAME | |
| Personal name | HOROWITZ,Ellis |
| 245 #0 - TITLE STATEMENT | |
| Title | Fundamental of data structure in C |
| 250 ## - EDITION STATEMENT | |
| Edition statement | Rep |
| 260 ## - PUBLICATION, DISTRIBUTION, ETC. (IMPRINT) | |
| Date of publication, distribution, etc | 2011 |
| Name of publisher, distributor, etc | Universities Prees |
| Place of publication, distribution, etc | NEW DELHI |
| 300 ## - PHYSICAL DESCRIPTION | |
| Extent | 617 |
| 942 ## - ADDED ENTRY ELEMENTS (KOHA) | |
| Source of classification or shelving scheme | Dewey Decimal Classification |
| Koha item type | Text Books |
| 942 ## - ADDED ENTRY ELEMENTS (KOHA) | |
| -- | 5 |
| Withdrawn status | Lost status | Source of classification or shelving scheme | Damaged status | Not for loan | Collection code | Home library | Current library | Date acquired | Source of acquisition | Cost, normal purchase price | Bill Number | Total Checkouts | Full call number | Acc. no. / Barcode | Date last seen | Date last borrowed | Actual Cost, discounted price | Bill Date | Koha item type |
|---|---|---|---|---|---|---|---|---|---|---|---|---|---|---|---|---|---|---|---|
| Dewey Decimal Classification | BCA | PIET C-LIBRARY | PIET C-LIBRARY | 07/03/2012 | IBH, New Delhi | 375.00 | 4863 | 2 | 005.133 HOF | BC28 | 19/09/2023 | 08/09/2023 | 248.40 | 07/03/2012 | Text Books | ||||
| Dewey Decimal Classification | BCA | PIET C-LIBRARY | PIET C-LIBRARY | 07/03/2012 | IBH, New Delhi | 375.00 | 4863 | 2 | 005.133 HOF | BC29 | 31/10/2022 | 10/10/2022 | 248.40 | 07/03/2012 | Text Books | ||||
| Dewey Decimal Classification | BCA | PIET C-LIBRARY | PIET C-LIBRARY | 07/03/2012 | IBH, New Delhi | 375.00 | 4863 | 005.133 HOF | BC30 | 04/12/2019 | 248.40 | 07/03/2012 | Text Books | ||||||
| Dewey Decimal Classification | BCA | PIET C-LIBRARY | PIET C-LIBRARY | 07/03/2012 | IBH, New Delhi | 375.00 | 4863 | 005.133 HOF | BC31 | 04/12/2019 | 248.40 | 07/03/2012 | Text Books | ||||||
| Dewey Decimal Classification | BCA | PIET C-LIBRARY | PIET C-LIBRARY | 07/03/2012 | IBH, New Delhi | 375.00 | 4863 | 005.133 HOF | BC32 | 04/12/2019 | 248.40 | 07/03/2012 | Text Books | ||||||
| Dewey Decimal Classification | BCA | PIET C-LIBRARY | PIET C-LIBRARY | 07/03/2012 | IBH, New Delhi | 375.00 | 4863 | 2 | 005.133 HOF | BC33 | 18/04/2022 | 05/04/2022 | 248.40 | 07/03/2012 | Text Books |